000 00321nam a2200145Ia 4500
100 _aGlass/Lillian
650 _aGeneral
942 _cBK
654 _ai know what you are thinking
245 _aI Know what you are thinking
260 _bJohn Wiley & Sons
_c2002
300 _a258
546 _aENGLISH
999 _c30089
_d30089